Every Nightmare character in That's Not My Neighbor. - Statistics

General Stats
  • This quiz has been taken 16 times
  • The average score is 14 of 28
Answer Stats
Picture Answer % Correct
42
80%
Yog Sothoth
80%
Barbatos Barrabam
70%
Peach
70%
Drugia Fleuretty
60%
Evil Chester
60%
Orcus Dis Pater
60%
Ah Puch Xilbalbá
50%
Anazareth Anazarel
50%
Chaugnar Faugn
50%
Exael Lanithro
50%
Lilith Lilitu Lilit
50%
Quachil Uttaus
50%
Shub Niggurath
50%
Unlikely Clown
50%
Xezbet Xerbeth
50%
Yan Luo Wang Diyu
50%
Zoth Ommog
50%
Abducius Morail
40%
Dagda Crom Cruach
40%
Ishtar Ereskigal
40%
Izanami Yomi
40%
Teutates Taranis
40%
The Entity
40%
Xuchilbara Lobsel Vith
40%
Hooded Man
30%
Nyogtha Z'mog
30%
The Mask Ghost
20%
No matching quizzes found
Score Distribution
Percent of People with Each Score
Percentile by Number Answered
Your Score History
You have not taken this quiz